Sportarten mit "T" - Statistiken

Allgemein
  • Dieses Quiz wurde 75 mal gespielt
  • Das Durchschnittsergebnis liegt bei 7 aus 33
Antwortstatistiken
Art Sportart % Korrekt
Rückschlagspiel Tennis
89%
Rückschlagspiel Tischtennis
88%
Akrobatik Turnen
79%
Tanzen Tanzsport
73%
Kampfsport Taekwondo
52%
Mehrkampfsport Triathlon
47%
Sprung & Höhe Turmspringen
39%
Sprung & Akrobatik Trampolinturnen
36%
Wasser & Natur Tauchen
30%
Jagd & Schießen Taubenschießen
21%
Torspiel Tischfußball
18%
Natur & Wandern Trekking
15%
Kraftsport Tauziehen
14%
Motorsport Tourenwagen
14%
Torspiel Torball
9%
Kampfkunst Tai Chi
8%
Motorsport Tractor Pulling
6%
Motorsport Truck-Grand-Prix
6%
Turnen TeamGym | Team-Turnen
5%
Torspiel Tag Rugby
3%
Turnen & Akrobatik Tumbling
3%
Torspiel & Präzision Tipp-Kick
2%
Torspiel Tischeishockey
2%
Schlitten Toboggan
2%
Torspiel Touch
2%
Turnen Tae-Bo
0%
Turnen Taiji Bailong Ball
0%
Rückschlagspiel Tamburello
0%
Torspiel Tchoukball
0%
Ausdauer Tretrollersport
0%
Geschicklichkeit Tretze
0%
Radsport Trial
0%
Tanzen Twirling
0%
Keine übereinstimmenden Quizze gefunden
Verteilung der Resultate
Anzahl Personen mit jedem Resultat
Perzentil nach korrekt beantworteten Fragen
Ihre Resultats-Entwicklung
Sie haben dieses Quiz noch nicht gespielt